1073 1735 1985 1077 1283 1267 1269 1293 1296 1174 1039 1877 1596 1213 1308 1373 1571 1088 1781 1772 1351 1763 1680 1269 1481 1971 1137 1399 1504 1031 1605 1193 1512 1732 1449 1358 1542 1420 1175 1198 1132 1177 1015 1003 1187 1331 1439 1969 1807 1244 1204 1054 1724 1969 1163 1556 1336 1565 1308 1871 1603 1288 1727 1994 1958 1789 1842 1909 1318 1464 1045 1777 1752 1732 1911 1555 1805 1556 1099 1065 1789 1218 1697 1195 1004 1496 1678 1430 1615 1490 1766 1038 1888 1101 1144 1043 1020 1564 1389 BCNSPRNW ULIB Ver.6.0+V

เปลี่ยนเป็นภาษาไทย

Change to English
 แสดงรายละเอียดบรรณานุกรม
  กลับหน้าหลัก

Brief Record : Get Marc (ISO 2709) : E-mail record : QR code < ปิดหน้าต่าง
LEADER : 00000nam 2200000 a 4500
001    13399113554
003     ULIB
008    970708s2552 th 000 1 tha d
020    9786160600649
090    ^aนว^bต112จ 2552
100 1  ^aตงนี่
245 10 ^aเจ้าแผ่นดินจอมทระนง /^cตงนี่ แปลโดย มดแดง
250    ^aพิมพ์ครั้งที่ 1
260    ^aกรุงเทพฯ :^bแจ่มใส,^c2552
300    ^a225 หน้า ;^c18 ซม.
490 0  ^aชุดโอรสสวรรค์ร้อยเล่ห์
650  4 ^aนวนิยาย
700 0  ^aมดแดง,^eผู้แปล
945    ^p159^l0^i16294
999 ^a ใช้งานได้ทุกระบบ
รายการนี้ยังไม่มีแท็ก
คุณยังไม่ได้ล็อกอิน คุณสามารถมีกิจกรรมร่วมกับเว็บไซต์ได้ แต่ต้องล็อกอินก่อน ::
  ล็อกอิน

รายการสื่อสารสนเทศ

ลำดับที่ ประเภท เลขเรียก/บาร์โค้ด สถานที่ สถานะ
1. วิทยาศาสตร์การแพทย์ และสุขภาพ
วิทยาศาสตร์การแพทย์ และสุขภาพ
นว ต112จ 2552  
  Barcode: 16294
ห้องสมุดวิทยาเขตสวรรค์ประชารักษ์
►นวนิยาย
บนชั้น
  ขอยืม

รายการใกล้เคียง
    หัวเรื่อง [นวนิยาย]

BibComment


ยังไม่เคยถูกคอมเมนท์

คอมเมนท์ทรัพยากรรายการนี้
  คอมเมนท์: เจ้าแผ่นดินจอมทร..


 Copyright 2026. Bcnsprnw @Library